01221nam a22002177a 45000010005000000030006000050050017000110080041000280400029000690500015000980820013001131000024001262450051001502600038002013000048002395050007002875200616002945210027009105210018009376500048009557557FISKH20250724094904.0250724b cb ||||| |||| 00| 0 eng d aFISKHbengcFISKHdFISKH aPZ7.N833 A a428.6281 aNordtvedt, Matilda  aAll things-even Frisky /cby Matilda Nordtvedt aChicago : bMoody Press, c1973.  a180 pages : bcolor illustrations ; c26 cm aR  aThis heartwarming Christian children's story follows the journey of Kara, a young girl who deeply desires a pet of her own. Her wish comes true when she receives Frisky, a mischievous little dog full of energy and personality. Through the ups and downs of caring for Frisky—including some challenging and emotional moments—Kara learns important lessons about love, responsibility, obedience, faith, and trusting God. The story beautifully weaves together Christian values and everyday life experiences, showing young readers how God cares for them in all things—even the little things like a beloved pet.8 a660 bLexile estimate 8 aR bRaz-Plus  aDogsvChildren's FictionxElementary Reader